000
00228 a2200097 4500
001
19513
100
_a
Meidl J H
245
_a
Explosive and Taxic Hazardous Materials
260
_a
_b
Glencoe Press
_c
1972
090
_c
14256
_d
14256
942
_a
NUST-CAE
_c
M
_c
4732
999
_c
254586
_d
254586